Statistics for Fortnite Location Quiz

Click here to take the quiz!

General Stats

  • This quiz has been taken 7 times
  • The average score is 12 of 19

Answer Stats

Hint Answer % Correct
LocationLoot Lake
83%
LocationPleasant Park
83%
LocationTilted Towers
83%
LocationDusty Divot
83%
LocationLazy Links
67%
LocationTomato Town
67%
LocationSnobby Shores
67%
LocationRisky Reels
67%
LocationFlush Factory
67%
LocationParadise Palms
67%
LocationHaunted Hills
67%
LocationSalty Springs
67%
LocationLucky Landing
67%
LocationRetail Row
50%
LocationJunk Junction
50%
LocationFatal Fields
50%
LocationGreasy Grove
50%
LocationLonely Lodge
50%
LocationShifty Shafts
33%

Score Distribution

Percentile by Number Answered

Percent of People with Each Score

Your Score History

You have not taken this quiz